Charlie Adler Filmography - Statistics

General Stats
  • This quiz has been taken 3 times
    2 since last reset
  • The average score is 11 of 304
Answer Stats
Type Year Name % Correct
Film 2024 Hitpig
100%
Film 2011 Transformers: Dark of the Moon
100%
Film 1992 Aladdin
50%
TV Show 1994 Aladdin: The Series
50%
Film 2017 All I Want for Christmas Is You
50%
Film 2010 A Turtle's Tale: Sammy's Adventures
50%
TV Show 1986 G.I. Joe
50%
Film 1987 G.I. Joe: The Movie
50%
Film 2013 Khumba
50%
TV Show 1986-1987 My Little Pony
50%
Film 1986 My Little Pony: The Movie
50%
Film 2016 Norm of the North
50%
Film 1985 Rainbow Brite and the Star Stealer
50%
Film 2019 Rocko's Modern Life: Static Cling
50%
Film 2009 The Haunted World of El Superbeasto
50%
Film 2015 Top Cat Begins
50%
Film 2009 Transformers: Revenge of the Fallen
50%
Video Game 2009 Transformers: Revenge of the Fallen
50%
Film 2009 Wake
50%
TV Show 2008 Wizards of Waverly Place
50%
TV Show 2000 100 Deeds for Eddie McDowd
0%
TV Show 1998 101 Dalmatians: The Series
0%
TV Show 1990 1st & Ten
0%
TV Show 1993 2 Stupid Dogs
0%
TV Show 1994-1997 Aaahh!!! Real Monsters
0%
TV Show 1981 ABC Afterschool Specials
0%
TV Show 1989, 1993 ABC Weekend Specials
0%
TV Show 1997 Adventures from the Book of Virtues
0%
TV Short 1993 A Flintstone Family Christmas
0%
Video Game 1994 Aladdin Activity Center
0%
Film 1998 Aladdin's Arabian Adventures: Creatures of Invention
0%
TV Show 2004, 2007 All Grown Up!
0%
TV Show 1988-1991 A Pup Named Scooby-Doo
0%
Film 1989 Asterix and the Big Fight
0%
TV Show 2000 As Told by Ginger
0%
Video Game 1997 Atomic Bomberman
0%
TV Show 2012-2018 Avengers Assemble
0%
Video Game 2000 Baldur's Gate II: Shadows of Amn
0%
TV Show 1995 Beavis and Butt-Head
0%
TV Show 2012-2014 Ben 10: Omniverse
0%
TV Show 1993 Biker Mice from Mars
0%
TV Show 2015-2022 Blaze and the Monster Machines
0%
Video Game 1996 Blazing Dragons
0%
TV Short 1989 Blondie & Dagwood: Second Wedding Workout
0%
TV Show 1990, 1994, 1997 Bobby's World
0%
TV Show 1993-1994 Bonkers
0%
TV Show 2004-2006 Brandy & Mr. Whiskers
0%
TV Show 2005 Bratz
0%
Film 2006 Bratz: Genie Magic
0%
Film 2006 Bratz: Passion 4 Fashion - Diamondz
0%
TV Show 1987-1988 BraveStarr
0%
Film 1988 BraveStarr: The Legend
0%
TV Show 1997 Bruno the Kid
0%
TV Show 2013 Bubble Guppies
0%
TV Show 1989 Camp Candy
0%
TV Show 1992 Capitol Critters
0%
TV Show 1991, 1994, 1995, 1996 Captain Planet and the Planeteers
0%
TV Show 2000-2001 Cartoon Cartoon Fridays
0%
TV Show 2004 Cartoon Network City
0%
Video Game 2006 Cartoon Network Racing
0%
TV Show 1997 Cave Kids
0%
TV Show 2005 ChalkZone
0%
TV Show 1998 Channel Umptee-3
0%
Film 2002 Charlotte's Web 2: Wilbur's Great Adventure
0%
TV Short 1988 Christmas in Tattertown
0%
Web Series 2016-2017 Clash-A-Rama!
0%
Video Game 1997 ClayFighter 63 1/3
0%
Video Game 1998 ClayFighter: Sculptor's Cut
0%
Film 1992 Cool World
0%
TV Show 1997-1999 Cow and Chicken
0%
TV Show 1993-1994 Cro
0%
TV Short 1999 Curbside
0%
TV Show 2005-2006 Danger Rangers
0%
TV Show 1991-1992 Darkwing Duck
0%
TV Show 2004-2005 Dave the Barbarian
0%
TV Pilot 1992 Defenders of Dynatron City
0%
TV Show 1989 Dink, the Little Dinosaur
0%
TV Show 1988 Dino-Riders
0%
Video Game 2015 Disney Infinity 3.0
0%
Video Game 2014 Disney Infinity: Marvel Super Heroes
0%
TV Show 1993-1994 Droopy: Master Detective
0%
TV Show 1994, 1995, 1996 Duckman: Private Dick/Family Man
0%
TV Show 1987 DuckTales
0%
Film 1990 DuckTales the Movie: Treasure of the Lost Lamp
0%
Video Game 2002 Earth and Beyond
0%
TV Show 1995-1996 Earthworm Jim
0%
Video Game 1999 Earthworm Jim 3D
0%
TV Show 1992-1997 Eek! The Cat
0%
TV Show 2007 El Tigre: The Adventures of Manny Rivera
0%
Video Game 2000 Escape from Monkey Island
0%
TV Special 2022 Eudora's Fable: The Shoe Bird
0%
TV Show 1997 Extreme Ghostbusters
0%
Video Game 1998 Fallout 2: A Post-Nuclear Role-Playing Game
0%
Video Game 1997 Fallout: A Post-Nuclear Role-Playing Game
0%
Video Game 2024 Fallout Yesterday
0%
Theater 1978-1979 Family Business
0%
TV Show 1993 Family Dog
0%
Video Game 2011 Final Fantasy XIII-2
0%
Video Game 1991 Flipper
0%
TV Film 1986 G.I. Joe: Arise, Serpentor, Arise!
0%
TV Show 2010-2011 G.I. Joe: Renegades
0%
TV Show 2009 G.I. Joe: Resolute
0%
TV Show 1992 Goof Troop
0%
TV Short 1996 Gramps
0%
TV Show 1990 Gravedale High
0%
Web Series 2020, 2025 Harley Quinn
0%
TV Show 1986 Heathcliff & the Catillac Cats
0%
TV Show 2010, 2012 Hero Factory
0%
TV Show 1999 Hey Arnold!
0%
Short Film 1996 Hillbilly Blue
0%
TV Film 1993 Hollyrock-a-Bye Baby
0%
TV Show 2011 Hot in Cleveland
0%
TV Pilot 1989 Hound Town
0%
TV Show 1985-1986 Hulk Hogan's Rock 'n' Wrestling
0%
TV Show 1997-1999 I Am Weasel
0%
TV Show 1986 InHumanoids
0%
TV Show 2001 Inspector Beaver
0%
TV Show 2003-2007 Jakers! The Adventures of Piggley Winks
0%
TV Show 1985-1988 Jem
0%
TV Film 1986 Jem: Truly Outrageous!
0%
TV Show 1999 Johnny Bravo
0%
TV Show 1996 Jungle Cubs
0%
TV Show 1990 Kid 'n' Play
0%
TV Short 1999 King Crab: Space Crustacean
0%
Film 2010 Kiss Me Again
0%
Web Series 2016 Kulipari
0%
Web Series 2018 Kulipari: Dream Walker
0%
Film 2010 LEGO Hero Factory: Rise of the Rookies
0%
Video Game 2016 LEGO Marvel's Avengers
0%
Video Game 2013 Lightning Returns: Final Fantasy XIII
0%
TV Show 1987 Little Clowns of Happytown
0%
TV Show 2005-2007 Loonatics Unleashed
0%
Web Series 2020-2022 Madagascar: A Little Wild
0%
Short Film 2021 Madagascar: A Little Wild Holiday Goose Chase
0%
TV Show 1998 Mad Jack the Pirate
0%
Video Game 2009 MadWorld
0%
TV Show 1993 Marsupilami
0%
Video Game 2013 Marvel Heroes
0%
TV Mini-Series 2012 Marvel Mash-Up
0%
Video Game 2009 Marvel Super Hero Squad
0%
Video Game 2011 Marvel Super Hero Squad: Comic Combat
0%
Video Game 2011 Marvel Super Hero Squad Online
0%
Video Game 2010 Marvel Super Hero Squad: The Infinity Gauntlet
0%
Video Game 2011 Marvel vs. Capcom 3: Fate of Two Worlds
0%
Commercial 1985 McDonald's
0%
TV Show 1997 Men in Black: The Series
0%
Video Game 2001 Mickey Saves the Day: 3D Adventure
0%
TV Show 1990 Midnight Patrol: Adventures in the Dream Zone
0%
TV Show 1996 Mighty Ducks: The Animated Series
0%
TV Show 1993 Mighty Max
0%
TV Show 1987-1988 Mighty Mouse: The New Adventures
0%
TV Show 2000 Mike, Lu & Og
0%
Theater 1974 Minnie's Boys
0%
TV Show 1986 Moon Dreamers
0%
TV Short 1984 My Little Pony: Rescue from Midnight Castle
0%
TV Show 1992 My Little Pony Tales
0%
Video Game 1996 Nickelodeon 3D Movie Maker
0%
Video Game 2000 Nicktoons Racing
0%
Short Film 2002 No Prom for Cindy
0%
Video Game 1995 Normality
0%
Short Film 1995 No Smoking!
0%
TV Show 1998, 1999 Oh Yeah! Cartoons
0%
Film 1993 Once Upon a Forest
0%
Theater 1975 Once Upon a Mattress
0%
Film 1997 On Holiday with Timon & Pumbaa
0%
TV Show 2003, 2004 Ozzy & Drix
0%
TV Show 1989-1990 Paddington Bear
0%
TV Show 2000 Pepper Ann
0%
TV Show 2004-2005 Pet Alien
0%
Music Video 2009 Peter Kay's Animated All Star Band: The Official BBC Children in Need Medley
0%
TV Show 2013 Phineas and Ferb
0%
Video Game 1999 Planescape: Torment
0%
Film 1989 Police Academy 6: City Under Siege
0%
TV Show 1987 Pound Puppies
0%
TV Mini-Series 1990 Pretty Piggies
0%
TV Show 1993-1994 Problem Child
0%
TV Show 1996 Project G.e.e.K.e.R.
0%
TV Show 1991 ProStars
0%
TV Show 1996 Quack Pack
0%
TV Show 2007, 2008 Random! Cartoons
0%
Video Game 2018 Red Dead Redemption II
0%
TV Show 2000, 2002 Rocket Power
0%
TV Film 1988 Rockin' with Judy Jetson
0%
TV Show 1993-1996 Rocko's Modern Life
0%
Short Film 1990 Roller Coaster Rabbit
0%
TV Show 2016 Rolling with the Ronks!
0%
TV Show 1999, 2001 Rugrats
0%
Web Series 2021-Present Rugrats
0%
Video Game 2001 Rugrats: All Growed Up
0%
Film 2000 Rugrats in Paris
0%
Film 1998 Rusty: A Dog's Tale
0%
Video Game 2000 Sacrifice
0%
TV Show 1995 Santo Bugito
0%
TV Film 1994 Scooby-Doo in Arabian Nights
0%
Web Series 2014 Shelf Life
0%
TV Show 2006-2007 Shuriken School
0%
TV Show 1987 Sky Commanders
0%
Video Game 2016 Skylanders: Imaginators
0%
TV Show 1988-1989 Slimer! And the Real Ghostbusters
0%
TV Film 1986 Smurfquest
0%
TV Show 1993-1994 Sonic the Hedgehog
0%
TV Show 1997-2006 Space Goofs
0%
TV Show 1997-1999 Spawn
0%
TV Show 1997 Spicy City
0%
TV Show 2019, 2020 Spider-Man
0%
TV Show 2020 SpongeBob SquarePants
0%
TV Show 1991 Star Street: The Adventures of the Star Kids
0%
Film 1989 Star Street: The Happy Birthday Movie
0%
Video Game 2010 Star Trek Online
0%
TV Short 2003 Stinky Pierre
0%
Film 2005 Stuart Little 3: Call of the Wild
0%
Video Game 2001 Stupid Invaders
0%
TV Show 1992 Super Dave: Daredevil for Hire
0%
TV Show 1993-1994 Swat Kats: The Radical Squadron
0%
TV Show 1996 Tales from the Crypt
0%
TV Show 1990-1991 TaleSpin
0%
TV Show 2004, 2005 The Adventures of Jimmy Neutron, Boy Genius
0%
TV Show 1988-1989 The Adventures of Raggedy Ann & Andy
0%
Web Series 2015 The Awesomes
0%
TV Short 1994 The Bears Who Saved Christmas
0%
Film 1987 The Chipmunk Adventure
0%
TV Show 1988 The Completely Mental Misadventures of Ed Grimley
0%
TV Show 2008 The Emperor's New School
0%
TV Show 1986-1988 The Flintstone Kids
0%
Short Film 1996 The Flintstones Christmas in Bedrock
0%
TV Show 1989 The Further Adventures of SuperTed
0%
TV Show 1986 The GLO Friends
0%
TV Film 1985 The GLO Friends Save Christmas
0%
TV Film 1988 The Good, the Bad, and the Huckleberry Hound
0%
TV Show 2002, 2005 The Grim Adventures of Billy & Mandy
0%
Film 2005 The Happy Elf
0%
TV Show 1989 The Karate Kid
0%
TV Show 1996 The Legend of Sarmoti: Siegfried & Roy
0%
TV Show 2016 The Lion Guard
0%
Film 1989 The Little Mermaid
0%
TV Show 1992, 1993 The Little Mermaid
0%
TV Film 1987 The Little Troll Prince
0%
TV Show 1987 The Little Wizards
0%
TV Show 1995-1997 The Mask
0%
TV Show 2001 The New Woody Woodpecker Show
0%
TV Show 1988 The New Yogi Bear Show
0%
TV Show 2001 The Oblongs
0%
TV Show 1992 The Plucky Duck Show
0%
TV Short 1985 The Pound Puppies
0%
Short Film 1990 The Prince and the Pauper
0%
TV Show 1996 The Real Adventures of Jonny Quest
0%
TV Show 1986, 1987, 1990, 1991 The Real Ghostbusters
0%
TV Show 1986 The Redd Foxx Show
0%
TV Show 2006, 2009 The Replacements
0%
TV Show 2019-2020 The Rocketeer
0%
TV Film 2001 The Rugrats: All Growed Up
0%
Film 1998 The Rugrats Movie
0%
TV Show 1978 The Scooby-Doo Show
0%
TV Show 1998 The Secret Files of the SpyDogs
0%
TV Show 1995 The Shnookums & Meat Funny Cartoon Show
0%
TV Show 1985-1989 The Smurfs
0%
TV Show 1996 The Spooktacular New Adventures of Casper
0%
TV Show 2009-2011 The Super Hero Squad Show
0%
TV Show 1996 The Tick
0%
TV Show 2014 The Tom and Jerry Show
0%
TV Show 1985-1987 The Transformers
0%
TV Show 1995-1997 The Twisted Tales of Felix the Cat
0%
Short Film 2001 The Wacky Adventures of Ronald McDonald: Birthday World
0%
Short Film 2001 The Wacky Adventures of Ronald McDonald: Have Time, Will Travel
0%
Short Film 1998 The Wacky Adventures of Ronald McDonald: Scared Silly
0%
Short Film 1999 The Wacky Adventures of Ronald McDonald: The Legend of Grimace Island
0%
Short Film 2003 The Wacky Adventures of Ronald McDonald: The Monster O' McDonaldland Loch
0%
Short Film 1999 The Wacky Adventures of Ronald McDonald: The Visitors from Outer Space
0%
TV Show 2000 The Wild Thornberrys
0%
TV Show 1990 The Wizard of Oz
0%
TV Show 1986 The Young Astronauts
0%
TV Short 1990 The Yum Yums: The Day Things Went Sour
0%
TV Show 1988 Thirtysomething
0%
Film 2005 Timeless Tales
0%
TV Show 1990 Timeless Tales from Hallmark
0%
TV Show 1995-1996, 1999 Timon & Pumbaa
0%
TV Show 1989-1992 Tiny Toon Adventures
0%
Film 1992 Tiny Toon Adventures: How I Spent My Vacation
0%
TV Short 1987 'Tis the Season to Be Smurfy
0%
Film 1997 Todd McFarlane's Spawn
0%
TV Show 1990-1993 Tom & Jerry Kids Show
0%
Film 2005 Tom and Jerry: The Fast and the Furry
0%
TV Show 1998 Toonsylvania
0%
Theater 1984-1985 Torch Song Trilogy
0%
Film 2007 Transformers
0%
Short Film 2018 Transformers: Autobots Alliance
0%
Film 1986 Transformers: Five Faces of Darkness
0%
Video Game 2009 Transformers: Revenge of the Fallen - Decepticons
0%
Theme Park Attraction 2011 Transformers: The Ride - 3D
0%
TV Show 1989 Tugs
0%
Video Game 2005 Ty the Tasmanian Tiger 3: Night of the Quinkan
0%
Video Game 2011 Ultimate Marvel vs. Capcom 3
0%
TV Show 2015 Ultimate Spider-Man
0%
TV Film 1987 Ultraman: The Adventure Begins
0%
TV Show 1990 Wake, Rattle & Roll
0%
TV Show 2014 Wander Over Yonder
0%
TV Show 1995-1997, 1999 What a Cartoon!
0%
TV Show 1995 What-a-Mess
0%
Short Film 2005 Wiener Squad
0%
TV Show 1993 Wild West C.O.W. - Boys of Moo Mesa
0%
TV Show 2008, 2009 Wolverine and the X-Men
0%
TV Show 1987, 1988 Yogi's Treasure Hunt
0%
TV Film 1994 Yogi the Easter Bear
0%
TV Show 1991 Yo Yogi!
0%
No matching quizzes found
Score Distribution
Percent of People with Each Score
Percentile by Number Answered
Your Score History
You have not taken this quiz since the last reset